000 00535nam a2200217Ia 4500
008 160901s9999 xx 000 0 und d
020 _a1-904467-36-9
050 _aComSc T 385
050 _b.C43 2004
100 _aChasemore, R.
245 _aBasic paint shop pro 8 /
245 _cR. Chasemore.
260 _aGreat Britain :
260 _bPayne-Gallway Pub. Limited.,
260 _c2004
300 _a64 pages :
300 _bcol. ill. ;
300 _c30 cm.
500 _aIncludes index.
650 _aPaint shop pro.
999 _c300973
_d300973